Accounting and finance for bankers (Record no. 130532)
[ view plain ]
| 000 -LEADER | |
|---|---|
| fixed length control field | 00593nam a2200229Ia 4500 |
| 003 - CONTROL NUMBER IDENTIFIER | |
| control field | OSt |
| 005 - DATE AND TIME OF LATEST TRANSACTION | |
| control field | 20230622143327.0 |
| 008 - FIXED-LENGTH DATA ELEMENTS--GENERAL INFORMATION | |
| fixed length control field | 210210b2008 xxu||||| |||| 00| 0 eng d |
| 020 ## - INTERNATIONAL STANDARD BOOK NUMBER | |
| International Standard Book Number | 9781403926647 |
| 040 ## - CATALOGING SOURCE | |
| Original cataloging agency | AL |
| Transcribing agency | |
| 041 ## - LANGUAGE CODE | |
| Language code of text/sound track or separate title | eng |
| 082 ## - DEWEY DECIMAL CLASSIFICATION NUMBER | |
| Classification number | 657 INDA |
| 100 ## - MAIN ENTRY--PERSONAL NAME | |
| Personal name | INDIAN INSTITUTE OF BANKING AND FINANCE |
| 9 (RLIN) | 16450 |
| 245 ## - TITLE STATEMENT | |
| Title | Accounting and finance for bankers |
| Remainder of title | For JAIIB examination |
| 250 ## - EDITION STATEMENT | |
| Edition statement | 2 |
| 260 ## - PUBLICATION, DISTRIBUTION, ETC. | |
| Place of publication, distribution, etc. | New Delhi |
| Name of publisher, distributor, etc. | Macmillan & Co. Ltd. |
| Date of publication, distribution, etc. | 2008 |
| 300 ## - PHYSICAL DESCRIPTION | |
| Extent | x,542 |
| 650 ## - SUBJECT ADDED ENTRY--TOPICAL TERM | |
| Topical term or geographic name entry element | JAIIB |
| 9 (RLIN) | 16451 |
| 690 ## - LOCAL SUBJECT ADDED ENTRY--TOPICAL TERM (OCLC, RLIN) | |
| Topical term or geographic name as entry element | Accountancy |
| 9 (RLIN) | 16458 |
| 906 ## - LOCAL DATA ELEMENT F, LDF (RLIN) | |
| a | 062891 |
| 942 ## - ADDED ENTRY ELEMENTS (KOHA) | |
| Source of classification or shelving scheme | Dewey Decimal Classification |
| Koha item type | Book |
| Withdrawn status | Lost status | Source of classification or shelving scheme | Damaged status | Not for loan | Collection code | Home library | Current library | Date acquired | Source of acquisition | Cost, normal purchase price | Total Checkouts | Full call number | Barcode | Date last seen | Price effective from | Koha item type | Cost, replacement price |
|---|---|---|---|---|---|---|---|---|---|---|---|---|---|---|---|---|---|
| Dewey Decimal Classification | Commerce | St Aloysius Library | St Aloysius Library | 02/17/2021 | West Coast Paper and Stationers Mangalore-1 | 265.00 | 657 INDA | 062891 | 02/17/2021 | 02/17/2021 | Book | ||||||
| Dewey Decimal Classification | Commerce | St Aloysius Library | St Aloysius Library | 02/17/2021 | West Coast Paper and Stationers Mangalore-1 | 265.00 | 657 INDA | 062892 | 02/17/2021 | 02/17/2021 | Book | ||||||
| Dewey Decimal Classification | Commerce | St Aloysius Library | St Aloysius Library | 06/16/2023 | 657 INDA | D05843 | 06/22/2023 | 06/22/2023 | Donated Books | 365.00 |